000 00439nam a2200157Ia 4500
008 240729s9999 xx 000 0 und d
022 _a2322-1674
245 0 _aNursing and Midwifery Studies
260 _aIran, Islamic Republic of
260 _bKashan University of Medical Sciences
650 _a Nursing
650 _aMedicine
856 _uhttps://doaj.org/toc/a0e428e797e04aa9885cc87c8fc6a89b
942 _2ddc
942 _cDOAJEJ
999 _c72280
_d72280
945 _a1
_bMadushi Gamage
_c1
_dMadushi Gamage